Normal view
MARC view
- Naald, van der W
Entry Personal Name
001 - CONTROL NUMBER
- control field: 7785
003 - CONTROL NUMBER IDENTIFIER
- control field: OSt
005 - DATE AND TIME OF LATEST TRANSACTION
- control field: 20250823161322.0
008 - FIXED-LENGTH DATA ELEMENTS
- fixed length control field: 250823|| aca||aabn | a|a d
040 ## - CATALOGING SOURCE
- Original cataloging agency: OSt
- Transcribing agency: OSt
100 ## - HEADING--PERSONAL NAME
- Personal name: Naald, van der W
670 ## - SOURCE DATA FOUND
- Source citation: Work cat.: (OSt)172: Huppes, G. 7783, New market oriented instruments for environmental policies / , 1992.
